Bill Nighy Filmography - Statistics

General Stats
  • This quiz has been taken 74 times
    16 since last reset
  • The average score is 13 of 331
Answer Stats
Type Year Name % Correct
Film 2003 Love Actually
70%
Film 2006 Pirates of the Caribbean: Dead Man's Chest
60%
Film 1979 The B***h
60%
Theater 1985-1987, 2000-2001 Hamlet
50%
Film 2010 Harry Potter and the Deathly Hallows - Part 1
50%
Theater 1987, 1993-1994 Macbeth
50%
Film 2007 Pirates of the Caribbean: At World's End
50%
Film 2004 Shaun of the Dead
50%
Film 2022 Living
40%
Theater 2000-2001 Romeo and Juliet
40%
Film 2013 About Time
30%
Theater 1983 A Midsummer Night's Dream
30%
Film 2007 Hot Fuzz
30%
Film 2014 Pride
30%
Film 2011 Rango
30%
Film 2009 The Boat That Rocked
30%
Film 2024 The Wild Robot
30%
Film 2003 Underworld
30%
Film 2009 Underworld: Rise of the Lycans
30%
Film 2019 Detective Pikachu
20%
Film 2020 Emma.
20%
Film 2006 Flushed Away
20%
Film 2013 Jack the Giant Slayer
20%
Film 2012 The Best Exotic Marigold Hotel
20%
Film 2013 The World's End
20%
Film 2012 Total Recall
20%
Film TBA 500 Miles
10%
Film 2011 Arthur Christmas
10%
TV Mini-Series 2003 Canterbury Tales
10%
Film 2011 Chalet Girl
10%
Film 1980 Death Watch
10%
TV Show 2010 Doctor Who
10%
Music Video 2022 Free
10%
Film | Video Game 2009 G-Force
10%
Film 2019 Hope Gap
10%
Film 2014 I, Frankenstein
10%
Film 2024 Joy
10%
Theater 1986-1987 King Lear
10%
TV Film 1980 Little Lord Fauntleroy
10%
Documentary Series 2005-2006 Meerkat Manor
10%
Film 2006 Notes on a Scandal
10%
TV Film 2011 Page Eight
10%
Theater 1994-1995 Pericles
10%
TV Short 2017 Red Nose Day Actually
10%
Web Mini-Series TBA Ride or Die
10%
TV Film 2014 Salting the Battlefield
10%
Film TBA & Sons
10%
TV Mini-Series 2003 State of Play
10%
Film 2024 That Christmas
10%
Film 2024 The Beautiful Game
10%
Film 2017 The Bookshop
10%
TV Show 1998, 2000 The Canterbury Tales
10%
TV Film 2005 The Girl in the Café
10%
Film 2005 The Hitchhiker's Guide to the Galaxy
10%
Film 2016 The Limehouse Golem
10%
Film 2005 The Magic Roundabout
10%
Theater 1994 The Seagull
10%
Film 2015 The Second Best Exotic Marigold Hotel
10%
TV Film 2014 Turks & Caicos
10%
Film 2006 Underworld: Evolution
10%
Film 2010 Wild Target
10%
Documentary Series 2021-Present World's Most Scenic River Journeys
10%
Film 2012 Wrath of the Titans
10%
Film 2024 10 Lives
0%
TV Show 2009 10 Minute Tales
0%
Theater 1985-1986 A Chorus of Disapproval
0%
Film 2008 A Fox's Tale
0%
TV Show 1980 Agony
0%
Film 2002 AKA
0%
Theater 1983 A Kick for Touch
0%
Theater 1998 A Kind of Alaska
0%
Theater 2000-2001 Albert Speer
0%
Theater 1994-1995 Alice's Adventures Underground
0%
Theater 2000-2001 All My Sons
0%
Theater 1983 A Map of the World
0%
TV Film 1992 A Masculine Ending
0%
Theater 1993-1995 Angels in America
0%
Theater 1985-1986 Animal Farm
0%
TV Show 2000 Animated Tales of the World
0%
Theater 1993-1994 An Inspector Calls
0%
Theater 1987 Antony and Cleopatra
0%
Theater 1993 Arcadia
0%
Theater 1987 A Small Family Business
0%
Short Film 2011 Astonish Me
0%
Film 2009 Astro Boy
0%
TV Show 2002 Auf Wiedersehen, Pet
0%
Theater 1987 A View from a Bridge
0%
TV Show 1980 BBC2 Playhouse
0%
Film 1994 Being Human
0%
TV Show 1991 Bergerac
0%
Theater 1991 Betrayal
0%
Theater 1993-1994 Billy Liar
0%
TV Show 2000 Black Books
0%
Short Film 2023 Bloody Fury
0%
Film 2001 Blow Dry
0%
Theater 2000-2001 Blue/Orange
0%
TV Show 1991 Boon
0%
Theater 1986 Brighton Beach Memoirs
0%
Theater 1994-1995 Broken Glass
0%
Film 2021 Buckley's Chance
0%
Theater 1983 Can't Take It with You
0%
Theater 1993-1994 Carousel
0%
Web Series 2020-2021 Castlevania
0%
TV Show 1992 Chillers
0%
Theater 1986 Coming in to Land
0%
Theater 1978 Comings and Goings
0%
Theater 1987 Countrymania
0%
TV Show 1984 Crown Court
0%
Film 1983 Curse of the Pink Panther
0%
Film 2016 Dad's Army
0%
Theater 1986 Dalliance
0%
Theater 2000-2001 De Profundis
0%
Video Game 2014 Destiny
0%
Video Game 2017 Destiny 2
0%
Video Game 2022 Destiny 2: The Witch Queen
0%
Video Game 2016 Destiny: Rise of Iron
0%
Video Game 2013 Disney Infinity
0%
Video Game 2015 Disney Infinity 3.0
0%
Video Game 2014 Disney Infinity: Marvel Superheroes
0%
TV Film 1993 Don't Leave Me This Way
0%
Theater 1987 Down Cemetery Road
0%
Film 2024 Dragonkeeper
0%
Radio Play 2012 Educating Rita
0%
Theater 1994-1995 El Cid
0%
Film 2004 Enduring Love
0%
Theater 1971 Entertaining Mr Sloane
0%
Theater 1987 Entertaining Strangers
0%
Audiobook 2007 Eric Clapton: The Autobiography
0%
Film 1981 Eye of the Needle
0%
TV Mini-Series 1993 Eye of the Storm
0%
Film 1997 FairyTale: A True Story
0%
TV Film 1979 Fat
0%
Theater 1987 Fathers and Sons
0%
TV Show 1980 Fox
0%
Theater 1972 Freedom of the City
0%
Theater 2000-2001 Further than the Furthest Thing
0%
Theater 1993-1994 Furtive Nudist
0%
Theater 1986 Futurists
0%
TV Film 2005 Gideon's Daughter
0%
Theater 1983 Glengarry Glen Ross
0%
Film 2009 Glorious 39
0%
Film 2024 Gracie and Pedro: Pets to the Rescue
0%
Film 2013 Great White Shark 3D
0%
Film 1999 Guest House Paradiso
0%
Theater 1983 Guys and Dolls
0%
Film TBA Heart of Darkness
0%
TV Mini-Series 2004 He Knew He Was Right
0%
Theater 2000-2001 History of the Comedy
0%
TV Film 1985 Hitler's SS: Portrait in Evil
0%
Podcast 2021 Hogfather
0%
Documentary Series 2006 Horizon
0%
Theater 2000-2001 House + Garden
0%
Film 2003 I Capture the Castle
0%
Theater 1980 Illuminations
0%
Theater 1975, 1977 Illuminatus!
0%
Theater 1993-1994 Inadmissible Evidence
0%
Theater 2000-2001 In Extremis
0%
TV Show 1997 Insiders
0%
Theater 1986 Jacobowsky and the Colonel
0%
Theater 1993-1994 Jamais Vu
0%
TV Show 1983 Jemima Shore Investigates
0%
Theater 1994-1995 Johnny on the Spot
0%
TV Show 1997 Kavanagh QC
0%
Documentary Mini-Series 2021 Kew Gardens: A Year in Bloom
0%
TV Show 1999-2000 Kiss Me Kate
0%
Video Game 2020 Kosmokrats
0%
Theater 1971, 1993-1994 Landscape
0%
Film 2001 Lawless Heart
0%
Web Mini-Series 2025 Lazarus
0%
Theater 1994-1995 Leave Taking
0%
Theater 1994-1995 Les Parents Terribles
0%
TV Film 2003 Life Beyond the Box: Norman Stanley Fletcher
0%
Theater 2000-2001 Life x 3
0%
TV Film 1995 Llety Piod
0%
TV Film 2000 Longitude
0%
Theater 1983 Lorenzaccio
0%
Short TV Documentary 2021 Lotus: A New Dawn
0%
Theater 1985-1986 Love for Love
0%
Film 2001 Lucky Break
0%
Theater 1993-1994 Machinal
0%
Theater 1983 Major Barbara
0%
TV Show 1990 Making News
0%
Theater 1987 Mean Tears
0%
Theater 1987 Medea
0%
Documentary Series 2021 Meerkat Manor: Rise of the Dynasty
0%
Film 2020 Minamata
0%
TV Show 1982 MInder
0%
Theater 1987 Miss Julie
0%
Theater 1993-1994 Mother Courage and Her Children
0%
Theater 2019 Mountain Language
0%
Theater 1993-1994 Mr. A's Amazing Maze Plays
0%
Short Film 2020 Mrs Ellroy
0%
Theater 1985-1986 Mrs. Warren's Profession
0%
Theater 1986 Neaptide
0%
Theater 2000-2001 Noises Off
0%
Film 2016 Norm of the North
0%
Theater 1986 Not About Heroes
0%
Theater 1976 Occupy!
0%
Theater 1983 One Woman Plays
0%
Theater 1993-1994 On the Ledge
0%
TV Mini-Series 2018 Ordeal by Innocence
0%
Theater 1983 Other Places
0%
Theater 1994-1995 Out of a House Walked a Man
0%
TV Show 1993 Peak Practice
0%
Theater 2000-2001 Peer Gynt
0%
TV Show 1999 People Like Us
0%
TV Show 1991, 1993 Performance
0%
Theater 1993-1994 Pigspurt
0%
TV Show 1978, 1980, 1982 Play for Today
0%
TV Show 1982 Play for Tomorrow
0%
Theater 1969 Plaza Suite
0%
Theater 1985-1986 Pravda
0%
TV Show 1979 Premiere
0%
Theater 1993-1995 Racing Demon
0%
TV Film 2003 Ready When You Are, Mr. McGill
0%
TV Mini-Series 1983 Reilly, Ace of Spies
0%
Theater 2000-2001 Remembrance of Things Past
0%
Film 2024 Role Play
0%
Theater 1971 Rosencrantz and Guildenstern Are Dead
0%
Theater 1987 Rosmersholm
0%
Theater 1994-1995 Rutherford & Son
0%
Theater 1987 School for Wives
0%
Theater 1983 Schweyk in the Second World War
0%
TV Show 1990 Screenplay
0%
Theater 1971 Silence
0%
Theater 2000-2001 Singin' in the Rain
0%
Theater 1987 Six Characters in Search of an Author
0%
Theater 1995-1997, 2014-2015 Skylight
0%
Short Film 2008 Slapper
0%
Theater 1983 Small Change
0%
TV Show 1976 Softly, Softly: Task Force
0%
Film 2018 Sometimes Always Never
0%
Theater 1971, 2004 Speak Now
0%
Short Film 2023 Spectre of the Bear
0%
Theater 1993-1994 Springboard
0%
Film 2019 StarDog and TurboCat
0%
TV Short 2009 Statuesque
0%
Film 1998 Still Crazy
0%
Film 2006 Stormbreaker
0%
TV Show 1989 Storyboard
0%
Theater 2016 Stuff Happens
0%
Theater 1993-1994 Sweeney Todd
0%
Theater 1994-1995 Sweet Bird of Youth
0%
TV Show 1990 TECX
0%
TV Show 1996 Testament: The Bible in Animation
0%
Theater 1993-1994 The Absence of War
0%
Theater 1986 The American Clock
0%
Documentary Series 2006 The Armstrongs
0%
Documentary 2006 The Armstrongs: The Movie
0%
Short Film 1999 The Bass Player
0%
Theater 1986 The Bay at Nice
0%
Theater 1983 The Beggar's Opera
0%
Documentary 2009 The Big Art Project
0%
Theater 1994-1995 The Birthday Party
0%
Short Film 2018 The Button Maker
0%
Theater 1985-1986, 2000-2001 The Cherry Orchard
0%
Theater 1994-1995 The Children's Hour
0%
Theater 1998 The Collection
0%
Theater 1985-1986 The Critic
0%
Theater 1993-1994 The Day After Tomorrow
0%
Theater 1994-1995 The Devil's Disciple
0%
Theater 1985-1986 The Duchess of Malfi
0%
Video Game 2014 The Elder Scrolls Online
0%
Video Game 2024 The Elder Scrolls Online: Gold Road
0%
Video Game 2023 The Elder Scrolls Online: Necrom
0%
Theater 1983 The Fawn
0%
Film 2024 The First Omen
0%
Theater 1993-1994 The Game of Love and Chance
0%
Theater 2000-2001 The Heiress
0%
Film 2022 The Homeless World Cup
0%
Short Film 2013 The Hungry Corpse
0%
Theater 1971 The Immoralist
0%
Theater 1983 The Importance of Being Earnest
0%
TV Show 2002 The Inspector Lynley Mysteries
0%
Film 2016 Their Finest
0%
Film 2019 The Kindness of Strangers
0%
TV Mini-Series 1985 The Last Place on Earth
0%
Film 1984 The Little Drummer Girl
0%
Radio Play 1979 The Lord of the Rings
0%
TV Film 2003 The Lost Prince
0%
Theater 1998 The Lover
0%
Theater 1993-1994 The Madness of King George III
0%
Short Film 2000 The Magic of Vincent
0%
Theater 1986-1987 The Magistrate
0%
TV Film 1993 The Maitlands
0%
TV Show 2022 The Man Who Fell to Earth
0%
Short Film 2011 The Man with the Stolen Heart
0%
TV Mini-Series 1991 The Men's Room
0%
Radio Play 2003 The Midwich Cuckoos
0%
Theater 1969 The Milk Train Doesn't Stop Here Anymore
0%
Theater 1986 The Mother
0%
Theater 1993-1994 The Mountain Giants
0%
TV Documentary 2003 The Office Christmas Party
0%
Film 1989 The Phantom of the Opera
0%
Theater 1986-1987 The Pied Piper
0%
Theater 1985-1986 The Real Inspector Hound
0%
Theater 1985-1986 The Road to Mecca
0%
Short Film 2010 The RRF in New Recruit
0%
Theater 1983 The Spanish Tragedy
0%
Theater 1986 The Threepenny Opera
0%
Theater 1983 The Trojan War Will Not Take Place
0%
Theater 2006-2007 The Vertical Hour
0%
Theater 2000-2001 The Waiting Room
0%
Theater 1987 The Wandering Jew
0%
Theater 1979 The Warp
0%
Theater 1993-1995 The Wind in the Willows
0%
Documentary Series 2019-Present The World's Most Scenic Railway Journeys
0%
TV Film 2003 The Young Visiters
0%
TV Film 1985 Thirteen at Dinner
0%
Theater 1987 Three Men on a Horse
0%
Documentary Series 2004, 2006 Timeshift
0%
Theater 1987 Ting Tang Mine
0%
Theater 1987 Tomorrow Was War
0%
Theater 1986-1987 Tons of Money
0%
TV Documentary 2004 Touts on Tour
0%
Theater 1993-1994 Trelawny of the 'Wells'
0%
Film 1996 True Blue
0%
Documentary Series 2009 UK Border Forcep
0%
Theater 1971 Under New Management
0%
TV Film 1993 Unnatural Causes
0%
Film 2008 Valkyrie
0%
Short Film 2007 Vanity Fair: Killers Kill, Dead Men Die
0%
Theater 1987 Waiting for Godot
0%
Short Film 1982 Waveband
0%
Theater 1983 Way Upstream
0%
Film TBA Welcome to Paradise
0%
TV Show 1994 Wycliffe
0%
Theater 1987 Yerma
0%
Theater 1986 Yonadab
0%
No matching quizzes found
Score Distribution
Percent of People with Each Score
Percentile by Number Answered
Your Score History
You have not taken this quiz since the last reset